| 000 | 00572nam a2200193 i 4500 | ||
|---|---|---|---|
| 001 | 72605 | ||
| 003 | ES-MaACL | ||
| 005 | 20230906171505.0 | ||
| 007 | t| | ||
| 008 | 040902s1973 sp ||||1| spa d | ||
| 100 | 1 |
_aGlenn, Kathleen M. _957431 |
|
| 245 | 1 | 4 |
_aThe novelistic technique of Azorin (José MartÃnez Ruiz) / _cKathleen M. Glenn. |
| 260 |
_aMadrid : _bPlayor, _c[1973] |
||
| 300 |
_a122 p. ; _c21 cm. |
||
| 490 | 1 |
_aPlaza Mayor Scholar ; _v22 |
|
| 830 | 0 |
_aPlaza Mayor Scholar ; _v22 _9181264 |
|
| 852 |
_aES-MaACL _jC-52430 _bR.85968 |
||
| 999 |
_c72605 _d72605 |
||